Vista normal
Vista MARC
Entrada Materia (personas)
Número de registros utilizados en: 1
001 - CONTROL NUMBER
- control field: 81370
003 - CONTROL NUMBER IDENTIFIER
- control field: Co-BoUCM
005 - DATE AND TIME OF LATEST TRANSACTION
- control field: 20161025123948.0
008 - FIXED-LENGTH DATA ELEMENTS
- fixed length control field: 161025|| aca||aabn | a|a d
040 ## - CATALOGING SOURCE
- Original cataloging agency: Co-BoUCM
- Transcribing agency: Co-BoUCM
100 ## - HEADING--PERSONAL NAME
- Personal name: Clason, George S.
- Dates associated with a name: 1874-1957
670 ## - SOURCE DATA FOUND
- Source citation: Work cat.: (Co-BoUCM)304696: Clason, George S. 1874-1957, El hombre más rico de Babilonia, 2012